000 00694nam a22002297a 4500
005 20250904111310.0
008 250904b |||||||| |||| 00| 0 eng d
020 _a978-93-5416-599-3 (pbk)
037 _cTB
040 _aCRL
_cCRL
041 _2SIN
_aSIN
084 _aO1593,1:g R0
_bCRL
100 _aLachhani, Jagdish
_9207644
245 _aShairi vasdev mohi a jee
260 _aUlhasnagar, India:
_bJagdish lachhani,
_c2020.
300 _a135p.
365 _b275.00
_cINR
650 _aSindhi Literature
650 _aSindhi Poetry
_9577661
942 _2CC
_cTB
_hO1593,1:g R0
_n0
999 _c1435158
_d1435158